Normal view
MARC view
Entry Personal Name
001 - CONTROL NUMBER
- control field: 21841
003 - CONTROL NUMBER IDENTIFIER
- control field: ARRUPE
005 - DATE AND TIME OF LATEST TRANSACTION
- control field: 20160127113035.0
008 - FIXED-LENGTH DATA ELEMENTS
- fixed length control field: 160127|| aca||aabn | a|a d
040 ## - CATALOGING SOURCE
- Original cataloging agency: ARRUPE
- Transcribing agency: ARRUPE
100 ## - HEADING--PERSONAL NAME
- Personal name: Lewinsohn, Richard,
- Dates associated with a name: 1894-1968.
670 ## - SOURCE DATA FOUND
- Source citation: Work cat.: (ARRUPE)0: Lewinsohn, Richard, 1894-1968., Barney Barnato; from Whitechapel clown to diamond king,, 1937.